| 000 | 00888nam a2200229 i 4500 | ||
|---|---|---|---|
| 001 | 25846 | ||
| 003 | ES-MaACL | ||
| 005 | 20231222182427.0 | ||
| 007 | t| | ||
| 008 | 030103s1869 sp ||||1| spa d | ||
| 080 | _a32(460)"1868/74" | ||
| 100 | 1 |
_aArenal, Concepción, _d1820-1893 _922591 |
|
| 245 | 1 | 0 |
_aA los vencedores y a los vencidos / _cConcepción Arenal. |
| 260 |
_aMadrid : _b[s.n.], _c1869 ( _fImp. de las Novedades) |
||
| 300 |
_a35 p. ; _c21 cm. |
||
| 530 | _aDisponible en formato digital. | ||
| 651 | 4 |
_aEspaña- _xPolítica y gobierno- _y1868-1874. _9174889 |
|
| 852 | 4 |
_aES-MaACL _jT-105-F-11 |
|
| 856 | 4 |
_uhttp://bdh-rd.bne.es/viewer.vm?id=0000262753&page=1 _zBiblioteca Digital Hispánica |
|
| 856 | 4 |
_uhttp://invenio.fundacionginer.org/pdf/GINER_DE_LOS_RIOS_R_13383.pdf _zRepositorio Digital de la Fundación Francisco Giner de los Ríos |
|
| 999 |
_c25846 _d25846 |
||